| 000 | 00370nam a22001217a 4500 | ||
|---|---|---|---|
| 082 | _a200 THE | ||
| 100 |
_aSummiya Alam _969755 |
||
| 245 | _aTH-SOF-1521-Automated Fault Localization using Machine Learning | ||
| 260 |
_aIslamabad _bNUST College of EME _c2018 |
||
| 650 |
_aMS-CSE-15 MSTHESIS _969366 |
||
| 700 |
_a Supervisor Dr. Wasi Haider Butt _969491 |
||
| 942 | _cCF | ||
| 999 |
_c576894 _d576894 |
||